[Event "Lisbon Portugal op"]
[Site "Lisbon"]
[Date "2018.02.04"]
[Round "4"]
[White "Vandamme, Florian"]
[Black "Dias, Ivo Rodrigues"]
[Result "0-1"]
[WhiteElo "1898"]
[BlackElo "2158"]
[PlyCount "104"]
[EventDate "2018.02.03"]
[EventType "swiss"]
[EventRounds "9"]
[EventCountry "POR"]
[SourceTitle "EXT 2019"]
[Source "ChessBase"]
[SourceDate "2018.10.10"]
[SourceVersion "1"]
[SourceVersionDate "2018.10.10"]
[SourceQuality "1"]

1. d4 d5 2. c4 e6 3. Nf3 Nf6 4. g3 Bb4+ 5. Bd2 Bd6 6. Bg2 c6 7. b3 0-0 8. 0-0 Nbd7 9. Bc3 Ne4 10. Bb2 b6 11. Ne5 Bb7 12. Nd2 Nxd2 13. Qxd2 Nf6 14. Rac1 Rc8 15. Rfd1 Qe7 16. Rc2 Rfd8 17. Qc1 c5 18. e3 cxd4 19. exd4 h6 20. Qb1 dxc4 21. Rxc4 Bxg2 22. Kxg2 Qb7+ 23. f3 Nd5 24. Qe4 b5 25. Rxc8 Rxc8 26. Rd2 Qa6 27. Qb1 Qa5 28. Re2 a6 29. f4 Bxe5 30. dxe5 Qb4 31. f5 Qg4 32. Rf2 Ne3+ 33. Kg1 Nxf5 34. Qd3 Qg5 35. Ba3 h5 36. Qd2 Qg6 37. Qd7 Rc3 38. Qd2 Rc8 39. Qd7 Ra8 40. Qc6 Rd8 41. Bd6 h4 42. Re2 hxg3 43. hxg3 Qxg3+ 44. Rg2 Qe1+ 45. Kh2 Qh4+ 46. Kg1 Nxd6 47. exd6 Qd4+ 48. Kh1 Qxd6 49. Qe4 Qd1+ 50. Kh2 Qh5+ 51. Kg3 Rd5 52. Rc2 Qe5+ 0-1

[Event "BEL-ch op"]
[Site "Niel"]
[Date "2017.07.09"]
[Round "9"]
[White "Vandamme, Florian"]
[Black "Van Dijck, Bjarne"]
[Result "0-1"]
[WhiteElo "1897"]
[BlackElo "1787"]
[PlyCount "100"]
[EventDate "2017.07.01"]
[EventType "swiss"]
[EventRounds "9"]
[EventCountry "BEL"]
[SourceTitle "EXT 2018"]
[Source "ChessBase"]
[SourceDate "2017.10.13"]
[SourceVersion "1"]
[SourceVersionDate "2017.10.13"]
[SourceQuality "1"]

1. d4 Nf6 2. c4 g6 3. g3 Bg7 4. Bg2 d5 5. cxd5 Nxd5 6. Nf3 0-0 7. 0-0 Nb6 8. Nc3 c6 9. h3 N8d7 10. Bg5 Re8 11. Rc1 h6 12. Bf4 g5 13. Nxg5 hxg5 14. Bxg5 Nf8 15. e3 Be6 16. b3 Rc8 17. f4 f6 18. Bh4 Nd5 19. Qd3 Nxc3 20. Rxc3 f5 21. Rc5 Nd7 22. Rxf5 Bxf5 23. Qxf5 Nf6 24. Qe6+ Kf8 25. g4 Qd7 26. Qc4 Nd5 27. Qd3 Nxe3 28. Rf3 Nxg2 29. Kxg2 c5 30. d5 Rcd8 31. Qh7 Qxd5 32. f5 Qd2+ 33. Rf2 Qh6 34. Qxh6 Bxh6 35. g5 Bxg5 36. Bxg5 Rd6 37. h4 Kf7 38. Kf3 Red8 39. Re2 Rd3+ 40. Kg4 R3d4+ 41. Kg3 R8d7 42. Re6 R4d6 43. Re2 e6 44. Re5 b6 45. Kg4 exf5+ 46. Rxf5+ Kg7 47. Re5 Rc6 48. Kf5 b5 49. h5 a6 50. h6+ Kh7 0-1

[Event "BEL-ch op"]
[Site "Niel"]
[Date "2017.07.03"]
[Round "3"]
[White "Vandamme, Florian"]
[Black "Akulov, Lev"]
[Result "1/2-1/2"]
[WhiteElo "1897"]
[BlackElo "1719"]
[PlyCount "50"]
[EventDate "2017.07.01"]
[EventType "swiss"]
[EventRounds "9"]
[EventCountry "BEL"]
[SourceTitle "EXT 2018"]
[Source "ChessBase"]
[SourceDate "2017.10.13"]
[SourceVersion "1"]
[SourceVersionDate "2017.10.13"]
[SourceQuality "1"]

1. b4 c6 2. Bb2 Qb6 3. a3 a5 4. c4 axb4 5. c5 Qc7 6. axb4 Rxa1 7. Bxa1 Nf6 8. Nf3 Na6 9. Be5 Qd8 10. Bxf6 exf6 11. Qb3 d6 12. d4 Be6 13. Qc3 f5 14. e3 Nc7 15. Be2 Be7 16. Nbd2 0-0 17. Nc4 Nd5 18. Qb2 b6 19. cxb6 Nxb6 20. Na5 Qc7 21. 0-0 Nd5 22. Rc1 c5 23. Qd2 Qb6 24. bxc5 dxc5 25. Nc4 Qb4 1/2-1/2

[Event "Brasschaat op 16th"]
[Site "Brasschaat"]
[Date "2016.08.22"]
[Round "3"]
[White "Kok, Ivo"]
[Black "Vandamme, Florian"]
[Result "1-0"]
[WhiteElo "2029"]
[BlackElo "1875"]
[PlyCount "107"]
[EventDate "2016.08.20"]
[EventType "swiss"]
[EventRounds "9"]
[EventCountry "BEL"]
[SourceTitle "CBM 174 Extra"]
[Source "ChessBase"]
[SourceDate "2016.10.10"]
[SourceVersion "1"]
[SourceVersionDate "2016.10.10"]
[SourceQuality "1"]

1. e4 c5 2. Nf3 d6 3. c3 Nf6 4. Be2 Nbd7 5. d3 g6 6. 0-0 Bg7 7. Nbd2 b6 8. Re1 0-0 9. d4 cxd4 10. cxd4 Bb7 11. Bf1 e5 12. d5 a5 13. Rb1 Qc7 14. b3 Rfc8 15. Ba3 Nc5 16. Rc1 Ba6 17. Bxa6 Rxa6 18. Qe2 Ra7 19. Qb5 Bh6 20. Rc4 Qd8 21. Nf1 Rb8 22. Bb2 Ne8 23. Rc2 Nc7 24. Qe2 f6 25. Ng3 Qd7 26. Ba3 N7a6 27. Nd2 b5 28. Ndf1 b4 29. Bc1 Bg7 30. Be3 a4 31. Nd2 a3 32. Nc4 Qd8 33. Qg4 Re7 34. h4 Nd3 35. Rd1 Nac5 36. h5 Kf7 37. Rcd2 Qc7 38. Rxd3 Nxd3 39. Rxd3 Qd8 40. Rd1 Re8 41. Rc1 Re7 42. Nd2 Rc7 43. Qe6+ Kf8 44. Rxc7 Qxc7 45. Nc4 Qe7 46. Qxd6 Qxd6 47. Nxd6 Ke7 48. Nc4 f5 49. exf5 Kf6 50. Ne4+ Kxf5 51. Ncd6+ Kg4 52. f3+ Kxh5 53. g4+ Kh4 54. Bf2+ 1-0